00451 a2200169 450000100060000002000180000604000220002410000180004624000150006424500100007930000080008936200090009765000350010694200070014195201160014899900170026459810 a9783401060484 cAnchieta - Pituba aAbedi, Isabel10aIsolalpor10aIsola a3240 a2007 4aLiteratura juvenil em alemàƒo cBK 00104070a91.1b91.1d2023-11-21l0oLJ 028.543 A138i ABE ISOp11272/PITr2023-11-21 18:27:53w2023-11-21yBK c59810d59810